| Поле | Инд. | ПП | Название | Значение |
|---|---|---|---|---|
| Тип записи | a | |||
| Библиографический уровень | m | |||
| 001 | Контрольный номер | 8fa4e407-6871-4dc7-9986-3d99096fbdb4 | ||
| 005 | Дата корректировки | 20131122101317.6 | ||
| 008 | Кодируемые данные | 960426 d | ||
| 020 | c | Цена, тираж | 1-50 | |
| 040 | a | Служба первич. каталог. | НБ ТвГУ | |
| 041 | a | Код языка текста | rus | |
| 080 | a | Индекс УДК | 539.18(075.8) | |
| 084 | a | Индекс другой классификации/Индекс ББК | В36я731-1 | |
| 090 | x | Авторский знак | Ш84 | |
| a | Полочн. индекс | В38я73 | ||
| 100 | 1_ | a | Автор | Шпольский Эдуард Владимирович |
| 245 | 1_ | a | Заглавие | Атомная физика |
| n | Номер части/ раздела | Т.1 | ||
| p | Название части/ раздела | Введение в атомную физику | ||
| b | Продолж. заглавия | Учеб. пособие для студентов вузов | ||
| c | Ответственность | Э. В. Шпольский | ||
| 250 | a | Основные сведения об издании | 7-е изд., испр. | |
| 260 | 0_ | a | Место издания | Москва |
| b | Издательство | Наука | ||
| c | Дата издания | 1984 | ||
| 300 | a | Объем | 552 с. | |
| b | Иллюстрации/ тип воспроизводства | ил. | ||
| 504 | a | Библиография | Предм. указ.: с. 549-552. | |
| 650 | a | Основная рубрика | Атомная физика | |
| x | Основная подрубрика | Учебники для вузов | ||
| 653 | a | Ключевые слова | Атомная физика | |
| a | Ключевые слова | Атомы | ||
| a | Ключевые слова | Учебники | ||
| 852 | t | Порядковый номер экземпляра | 25 | |
| p | Инвентарный номер | 534906 | ||
| p | Инвентарный номер | 534907 | ||
| p | Инвентарный номер | 3668 - 23 экз. | ||
| 930 | a | Новая/Ретро | учебники | |
| 952 | c | Вид литературы | К ру | |
| 954 | a | Дата поступления на обработку | 20011108 | |
| 999 | a | Подразделение 2 | Фил3 |